Návrh nástrojov personálneho riadenia ovplyvňujúce výkonnosť zamestnancov v podniku Stakotra Manufacturing, s.r.o

Salvato in:
Dettagli Bibliografici
Autore principale: Bubák, Branislav (Autore)
Altri autori: Spišáková, Alžbeta (Relatore della tesi)
Natura: Manoscritto Libro
Lingua:slovacco
Pubblicazione: 2017
Soggetti:
Accesso online:http://is.stuba.sk/zp/portal_zp.pl?podrobnosti=115143
Tags: Aggiungi Tag
Nessun Tag, puoi essere il primo ad aggiungerne!!

MARC

LEADER 00000ntm a22000003a 4500
001 stuzp62434
003 SK-STU
005 20170701210522.0
007 ta
008 150427s2015----xo-----f-mn---000-0-slo-d
040 |a STU  |b slo 
041 0 |a slo 
100 1 |a Bubák, Branislav  |u 064000  |4 aut  |U MTF Materiálovotechnologická fakulta  |T MTF Ústav priemyselného inžinierstva a manažmentu  |X 73260  |U M4000  |Y 84  |7 73260 
242 0 1 |a Proposal of tolls for personal management impacting the performance of the employees in the company Stakotra Manufacturing, s.r.o.  |y eng 
245 1 0 |a Návrh nástrojov personálneho riadenia ovplyvňujúce výkonnosť zamestnancov v podniku Stakotra Manufacturing, s.r.o 
260 |c 2017 
650 4 |a manažment ľudských zdrojov  |2 slo 
650 4 |a výkonnosť  |2 slo 
650 4 |a objektívne podmienky  |2 slo 
650 4 |a personálny controlling  |2 slo 
650 4 |a výkon  |2 slo 
650 4 |a riadenie výkonu  |2 slo 
650 4 |a management of human resources  |2 eng 
650 4 |a personal controlling  |2 eng 
650 4 |a performance  |2 eng 
650 4 |a efficiency  |2 eng 
650 4 |a management of performance  |2 eng 
650 4 |a objective conditions  |2 eng 
700 1 |a Spišáková, Alžbeta  |u 064000  |k Z3  |4 ths  |U MTF Materiálovotechnologická fakulta  |T MTF Ústav priemyselného inžinierstva a manažmentu  |X 69442  |U M4000  |Y 84  |7 A000069442 
856 4 |u http://is.stuba.sk/zp/portal_zp.pl?podrobnosti=115143 
996 |c M* BP-7901  |l MMSKP  |s P  |a 0  |w stuzp62434_0001